Formes des pays commençant par A. - Statistiques

Statistiques générales
  • Ce quiz a été pris 109 fois
  • Le résultat moyen est 11 sur 14
Statistiques - réponses
Par images Réponse % Correct
Australie
99%
Argentine
95%
Allemagne
92%
Algérie
91%
Afrique du Sud
90%
Autriche
90%
Albanie
84%
Angola
81%
Arabie Saoudite
80%
Afghanistan
73%
Arménie
72%
Azerbaïdjan
69%
Antigua-et-Barbuda
66%
Andorre
46%
Aucun quiz correspondant
Distribution des résultats
% des personnes avec chaque résultat
Percentile par nombre de réponses
Votre historique - résultats
Vous n’avez pas pris ce quiz